LEA - Halb so viel Songtext/Liedtext - Statistiken

Allgemein
  • Dieses Quiz wurde 6 mal gespielt
  • Das Durchschnittsergebnis liegt bei 235 aus 373
Antwortstatistiken
Antwort % Korrekt
Du
100%
du
100%
Ich
100%
ich
100%
N
100%
das
75%
Das
75%
Den
75%
der
75%
die
75%
Die
75%
Hab
75%
hab
75%
halb
75%
Halb
75%
Mir
75%
mir
75%
Mit
75%
Nicht
75%
nicht
75%
Nur
75%
nur
75%
So
75%
so
75%
und
75%
Und
75%
Viel
75%
viel
75%
von
75%
Von
75%
Will
75%
willst
75%
Zu
75%
zu
75%
Abend
50%
Bei
50%
Dass
50%
Deine
50%
Deiner
50%
deiner
50%
dich
50%
Doch
50%
doch
50%
es
50%
Es
50%
Für
50%
heute
50%
Hier
50%
In
50%
in
50%
Jetzt
50%
Kann
50%
Lass
50%
lass
50%
Meine
50%
Meinem
50%
meinen
50%
mich
50%
Mich
50%
Raus
50%
Reicht
50%
Schon
50%
schön
50%
Schön
50%
Seit
50%
Sie
50%
wär
50%
Wär
50%
Welt
50%
wenn
50%
Wenn
50%
Wie
50%
wie
50%
Zeit
50%
Arm
25%
auf
25%
Buchst
25%
Couch
25%
Darüber
25%
Deinem
25%
Deinen
25%
Eltern
25%
Fest
25%
Flüge
25%
Freunde
25%
Fühl
25%
Füßen
25%
Gehn
25%
gern
25%
gleiche
25%
Gleiche
25%
Grad
25%
Halt
25%
halt
25%
hältst
25%
Herbst
25%
Herzen
25%
Immer
25%
jeden
25%
Kenn
25%
Kennengelernt
25%
Kennst
25%
kennst
25%
klingeln
25%
Langsam
25%
Leg
25%
legst
25%
Leute
25%
lieber
25%
mag
25%
mal
25%
Mal
25%
März
25%
mehr
25%
Merk
25%
Musst
25%
Namen
25%
Noch
25%
noch
25%
Planen
25%
reden
25%
Soweit
25%
unter
25%
weg
25%
Weit
25%
wieder
25%
Wieder
25%
Winter
25%
Wirds
25%
wirklich
25%
Wohnen
25%
zerr
25%
zweit
25%
Zweitschlüssel
25%
Brauchst
0%
Keine übereinstimmenden Quizze gefunden
Verteilung der Resultate
Anzahl Personen mit jedem Resultat
Perzentil nach korrekt beantworteten Fragen
Ihre Resultats-Entwicklung
Sie haben dieses Quiz noch nicht gespielt